Statystyki dla Top 10 najlepszych strzelców Serie A.

Kliknij tutaj aby rozwiązać quiz!

Ogólne statystyki

  • Ten quiz został rozwiązany 144 razy
  • Średni wynik to 3 z 10

Statystyki odpowiedzi

#PiłkarznarodowośćLiczba goli% Poprawnych
10Alessandro Del Piero
188
87%
2Francesco Totti
250
60%
7Roberto Baggio
205
43%
6Antonio Di Natale
209
34%
4Giuseppe Meazza
216
20%
3Gunnar Nordahl
225
15%
1Silvio Piola
274
8%
5José Altafini
216
2%
8Kurt Hamrin
190
2%
9Giuseppe Signori
188
1%

Rozkład punktacji

Percentyl według liczby udzielonych odpowiedzi

Procent ludzi z każdym wynikiem

Twoja historia wyników

Nie rozwiązałeś tego quizu